IFM Opac

Advanced Financial Accounting Simplified [volume 1] (Record no. 21451)

MARC details
000 -LEADER
fixed length control field 00349nam a22001337a 4500
020 ## - INTERNATIONAL STANDARD BOOK NUMBER
International Standard Book Number 9966-28-730-2
082 ## - DEWEY DECIMAL CLASSIFICATION NUMBER
Classification number 657.48 SAL
100 ## - MAIN ENTRY--PERSONAL NAME
Personal name Saleemi A, N.
9 (RLIN) 1432
245 ## - TITLE STATEMENT
Title Advanced Financial Accounting Simplified [volume 1]
260 ## - PUBLICATION, DISTRIBUTION, ETC.
Place of publication, distribution, etc. Kenya
Name of publisher, distributor, etc. Saleemi
Date of publication, distribution, etc. 2008
300 ## - PHYSICAL DESCRIPTION
Extent 482p.
Other physical details ill.;21cm.
650 ## - SUBJECT ADDED ENTRY--TOPICAL TERM
Topical term or geographic name entry element Financial Accounting
9 (RLIN) 1112
942 ## - ADDED ENTRY ELEMENTS (KOHA)
Koha item type Books

No items available.